000 00887nam a2200241 a 4500
001 000006838
005 20260202091015.0
008 090903s2005 dr a 000 0 spa d
020 _a994503300X
040 _aDO-SdBNP
_bspa
_cBNPHU
082 _a371.2
_bP438s
100 1 _aPérez, Ruth
_918998
245 1 0 _a¡Supervisores a la carga¡ :
_bpor la máxima eficiencia del proceso educativo /
_cRuth Pérez.
260 _aSanto Domingo :
_bOffsef Serigrafía Rodríguez,
_c2005.
300 _a96 p. :
_bil. ;
_c21 cm.
500 _aIncluye datos biográficos del autor en la solapa de la cubierta
504 _aIncluye referencias bibliográficas al final de los capítulos
590 _aInventariado,2018/DG
650 4 _aAdministración escolar
_917493
650 4 _aInspección escolar
_917547
650 0 _aRelaciones humanas
_9606
910 _aValidado. Control de calidad MMOLINA
999 _c6626
_d6626